000 00749 a2200145 4500
003 Nust
005 20230102112033.0
040 _cNust
082 _a629.8
245 _aMatlab The Language of Technical Computing /
260 _aLondon
_b1996
300 _aVarious Pages
505 _aIntroduction (Page-1), Using the Environment (Page-2), Debugger and Profiler (Page-3), Polynomials and Interpolation (Page-5), Data Analysis and Statistics (Page-6), Function Functions (Page-7), Ordinary Differential Equations (Page-8), Sparse Matrices (Page-9), M-File Programming (Page-10), Character Arrays (Page-11), Multidimensional Arrays (Page-12), Structures and Cell Arrays (Page-13), Classes and Objects (Page-14), File/O (Page-15).
942 _2ddc
_cBK
999 _c195030
_d195030